|
|
|
|
| LEADER |
01265nam a22003137a 4500 |
| 001 |
43549 |
| 003 |
BD-DhAAL |
| 005 |
20241107162131.0 |
| 008 |
241102t20071994enka|||| |||| 00| 0 eng d |
| 020 |
|
|
|a 0340849428
|
| 020 |
|
|
|a 9780340849422
|
| 040 |
|
|
|a BD-DhAAL
|d BD-DhAAL
|
| 082 |
|
|
|a 158.1
|2 21
|
| 100 |
|
|
|a Michelli, Dena.
|9 57115
|
| 245 |
|
|
|a Assertiveness in a week /
|c Dena Michell.
|
| 250 |
|
|
|a Second edition.
|
| 260 |
|
|
|a London :
|b Hodder & Stoughton,
|c ©1994 [tenth impression 2007].
|
| 300 |
|
|
|a 96 pages :
|b illustrations ;
|c 20 cm.
|
| 490 |
|
|
|a In a week
|
| 500 |
|
|
|a Previous ed. published: as Successful assertiveness in a week. 1998
At head of cover: Chartered Management Institute
|
| 541 |
|
|
|a Savar Campus Library
|e 43549
|
| 650 |
|
|
|a Assertiveness (Psychology).
|9 57117
|
| 650 |
|
|
|a Assertiveness training
|x Handbooks, manuals, etc.
|9 57116
|
| 650 |
|
|
|a Assertive behavior.
|9 57159
|
| 710 |
|
|
|a Chartered Management Institute (Great Britain)
|
| 830 |
|
|
|a In a week
|9 56963
|
| 942 |
|
|
|2 ddc
|c BK
|
| 999 |
|
|
|c 47088
|d 47088
|
| 952 |
|
|
|0 0
|1 0
|2 ddc
|4 0
|6 158_100000000000000_MIC
|7 0
|9 76866
|a SCL
|b SCL
|c GEN
|d 2024-11-02
|e Savar Campus Library
|l 0
|o 158.1 MIC
|p 3020043549
|r 2024-11-02
|t 1
|w 2024-11-02
|y BK
|x Price available in register. Savar Campus Library.
|